000 00402nam a2200157Ia 4500
003 GCL
008 140319s9999 xx 000 0 ara d
040 _aGCL /
_cGCL
082 0 4 _aط
_b796.00
_bع ل
100 1 _aعواطف على
245 1 0 _aلعبة كرة القدم /
_cعواطف على
490 _aكتاب
_v0
650 0 4 _aالاطفال
650 0 4 _aكرة القدم
942 _2ddc
_cBK
999 _c42615
_d42615